Retrouve les chansons de Lara Fabian - Statistiques

Statistiques générales
  • Ce quiz a été pris 60 fois
  • Le résultat moyen est 15 sur 24
Answers on the Grid
Answers color-coded by a green-red scale on the quiz's grid according to % correct below.
Ma vie dans la tienne
Les vallées d'Irlande
Deux ils, deux elles
On s'aimerait tout bas
Je t'ai cherché
Un Ave Maria
Si je m'en sors
I will love again
Un cuore malote
Ta peine
Aimer déjà
Entre nous
L'homme qui n'avait pas de maison
Sous le vent
Tu es mon autre
Tout
La lettre
La Différence
Papillon
Nos cœurs à la fenêtre
Une fille de l'Est
J'y crois encore
Ne lui parlez plus d'elle
Quand je ne chante pas
Adagio
Immortelle
Je t'aime
The last goodbye
Bambina
Babacar
 
Statistiques - réponses
Réponse % Correct
Immortelle
96%
J'y crois encore
91%
Tu es mon autre
91%
Je t'aime
87%
Je t'ai cherché
83%
Tout
83%
La Différence
78%
Adagio
74%
Ma vie dans la tienne
74%
Ta peine
74%
Nos cœurs à la fenêtre
61%
Papillon
61%
Un Ave Maria
61%
Aimer déjà
57%
I will love again
57%
Bambina
52%
Deux ils, deux elles
52%
La lettre
52%
Ne lui parlez plus d'elle
48%
Quand je ne chante pas
48%
On s'aimerait tout bas
43%
L'homme qui n'avait pas de maison
35%
Un cuore malote
35%
The last goodbye
26%
Aucun quiz correspondant
Distribution des résultats
% des personnes avec chaque résultat
Percentile par nombre de réponses
Votre historique - résultats
Vous n’avez pas pris ce quiz